| 000 | 00726nas a2200265 4500 | ||
|---|---|---|---|
| 001 | BR9507878 | ||
| 003 | BR-BrBNA | ||
| 005 | 20231205094517.0 | ||
| 007 | ta | ||
| 008 | 230509b bl.|||p| |||| 00| 00por d | ||
| 040 |
_aBR-BrBNA _bpor _cBiblioteca Nacional de Agricultura |
||
| 041 | _a(Pt) | ||
| 072 | _aQ02; E80 | ||
| 100 | 1 | _aFalcone, M. | |
| 100 | 1 | _aChmidell Netto, W. | |
| 245 | 1 | _aTemperatura de ebulicao de polpas de frutas | |
| 650 | _aGoiaba | ||
| 650 | _aMarmelo | ||
| 650 | _aPessego | ||
| 650 | _aDoce | ||
| 650 | _aTecnologia de Alimento | ||
| 773 | 0 |
_tAB - Alimentos e Bebidas (Brazil) _x _g(1968), v. 4(67) p. 42-46 _wBR9507878 |
|
| 909 |
_a202311 _bLúcia _c55 _dLúcia Elande |
||
| 942 |
_2AGRIS _n0 _cANA |
||
| 999 |
_c144847 _d144847 |
||